000
00202 a2200097 4500
001
28726
100
_a
Browne, M W
245
_a
New face of war
260
_a
_b
Bobbs Merrill
_c
090
_c
19179
_d
19179
942
_a
NUST-CAE
_c
M
_c
10201
999
_c
263799
_d
263799